00639 2200205 4500001002100000005001700021008004100038020002200079035002400101082001200125090002200137100001200159245010800171260003100279300003600310504002900346650000900375700002800384990002100412YOGYA-0213000000061220130215100754.0 ind  a978-979-29-2773-3 0010-021300000000612 a634.972 aDEP 634.972 Wan I aWARISNO aInvestasi Prospektif Dengan Mengebunkan Jati Unggul /cWarisno, Kres Dahana; editor Th. Arie Prabawati. aYogyakarta :bAndi,c19vm. aviii, 100 hlm.;bilus.;c19 cm. aBibliografi : hlm. 97-98 aJati aII. Arie Prabawati, Th. aCB-D.112011-2345